| 000 | 00843nam a2200205 i 4500 | ||
|---|---|---|---|
| 003 | IT-RoINE | ||
| 005 | 20191031060403.0 | ||
| 008 | 900725s1946 sp ad r o 0 | spa d | ||
| 040 |
_aSpMaBN _bspa _cSpMaBN IT-RoINE _erdc _dIT-RoINE |
||
| 245 | 0 | 0 |
_aTanger bajo la acción protectora de España durante el conflicto mundial : _bjunio 1940-octubre 1945. |
| 260 |
_aMadrid : _bMinisterio de Asuntos Exteriores, _c1946. |
||
| 300 |
_a98 p., 35 h. de gráf., [1] h. pleg. : _bil. col. ; _c22 cm,. |
||
| 336 |
_2rdacontent _atext |
||
| 337 |
_2rdamedia _aunmediated |
||
| 338 |
_2rdacarrier _avolume |
||
| 651 | 4 |
_aMarruecos _xHistoria _y1912-1956 (Protectorado español) _919644 |
|
| 651 | 4 |
_aTánger (Marruecos) _xAdministración _y1912-1956 (Protectorado español) _957693 |
|
| 710 | 1 |
_957694 _aEspaña. _bMinisterio de Asuntos Exteriores |
|
| 942 | _cMTS | ||
| 999 |
_c29430 _d29430 |
||